| 000 | 03149nam a2200397 c 4500 | ||
|---|---|---|---|
| 001 | 52604 | ||
| 003 | ES-MaCES | ||
| 005 | 20250203134106.0 | ||
| 008 | 221215s2022 uk 000 | eng d | ||
| 020 | _a9780197641798 | ||
| 040 |
_aES-MaCES _bspa _cES-MaCES |
||
| 100 | 1 |
_940563 _aGest, Justin |
|
| 245 | 1 | 0 |
_aMajority minority _cJustin Gest |
| 260 |
_aNew York _bOxford University Press _c[2022] |
||
| 300 |
_aXI, 406 p. _bgráf., mapas bl. y n. _c25 cm |
||
| 500 | _aÍndices | ||
| 504 | _aBibliografía: p. 379-399 | ||
| 520 | _a¿Cómo responden las sociedades a los grandes cambios demográficos? Esta pregunta persiste en la política contemporánea de los Estados Unidos y otros países donde la inmigración persistente ha alterado las poblaciones y pronto puede producir un hito de minoría mayoritaria, donde la mayoría étnica o religiosa original pierde su ventaja numérica frente a uno o más grupos minoritarios de origen extranjero. Hasta ahora, la mayor parte de nuestro conocimiento sobre las respuestas a gran escala al cambio demográfico se ha basado en estudios de las reacciones de personas individuales, que tienden a ser instintivamente defensivas e intolerantes. Sabemos poco acerca de por qué y cómo estos hábitos a veces se moderan para promover una coexistencia más exitosa. Para anticipar e informar futuras respuestas al cambio demográfico, Justin Gest mira hacia el pasado. En Majority Minority, Gest utiliza un análisis histórico y un trabajo de campo basado en entrevistas dentro de seis de las pocas sociedades del mundo que ya han experimentado una transición mayoritaria-minoritaria para comprender qué factores producen diferentes resultados sociales. Gest concluye que, en lugar de ceder a los prejuicios de la gente, los estados tienen un gran poder para dar forma a las respuestas públicas y las percepciones del cambio demográfico a través de las instituciones políticas y la retórica de los líderes. A través de investigaciones de encuestas posteriores, Gest también identifica formas novedosas en que los líderes pueden aprovechar el sentimiento nacionalista para reducir el atractivo del nativismo, enmarcando la inmigración y el cambio demográfico en términos de interés nacional. Basado en ricas narrativas y sorprendentes hallazgos de encuestas, Majority Minority revela que este hito polémico y las políticas de identidad que lo acompañan están sujetos en última instancia a una gobernanza unificadora o divisiva. | ||
| 541 | _cCompra | ||
| 650 | 4 |
_ademografía _928502 |
|
| 650 | 4 |
_adinámica poblacional _928510 |
|
| 650 | 4 |
_ainmigración _928632 |
|
| 650 | 4 |
_agrupo minoritario _927311 |
|
| 650 | 4 |
_aidentidad cultural _929870 |
|
| 650 | 4 |
_agestión transcultural _930721 |
|
| 650 | 4 |
_aformación intercultural _930291 |
|
| 650 | 4 |
_acohesión social _930743 |
|
| 650 | 4 |
_arelaciones interétnicas _928526 |
|
| 650 | 4 |
_acambio social _927286 |
|
| 650 | 4 |
_aestudio de casos _928846 |
|
| 653 | 1 | 0 | _aCiencias Sociales-Políticas |
| 710 | 2 |
_95440 _aUniversity of Oxford _eed. |
|
| 775 | _w22521 | ||
| 902 | _aLIB Libro | ||
| 942 |
_2CES _cBK _h7.0. |
||
| 999 |
_c52604 _d52604 |
||